Easy Swedish - Statistics

General Stats
  • This quiz has been taken 33 times
  • The average score is 4 of 6
Answer Stats
Hint Answer % Correct
yes ja
96%
thank you tack
88%
no nej
84%
hello halla
60%
goodbye adjo
40%
please snalla du
8%
No matching quizzes found
Score Distribution
Percent of People with Each Score
Percentile by Number Answered
Your Score History
You have not taken this quiz